|
|
|
|
| LEADER |
00000nta a2200000 i 4500 |
| 001 |
dolg5240 |
| 005 |
20160502082850.0 |
| 008 |
160502suuuu hu o 000 hun d |
| 040 |
|
|
|a BGE Dolgozattár Repozitórium
|b hun
|
| 041 |
|
|
|a hu
|
| 100 |
1 |
|
|a Kincsverő Krisztina
|
| 245 |
1 |
0 |
|a Gyakorlat a művészet és a társadalmi kommunikáció tükrében
|c Kincsverő Krisztina
|h [elektronikus dokumentum]
|
| 516 |
|
|
|a Final_paper
|
| 695 |
|
|
|a gyakorlat, kommunikáció, film, képzőművészet
|
| 700 |
1 |
|
|a Surányi Dr. András
|e ths
|
| 856 |
4 |
0 |
|u http://dolgozattar.uni-bge.hu/5240/1/szakdolgozat-sz%C3%B6veg.pdf
|z Dokumentum-elérés
|